[Event "23rd EUR-ch"]
[Site "Vrnjacka Banja SRB"]
[Date "2023.03.04"]
[Round "2.108"]
[White "Farkas, Tibor"]
[Black "Brkic, Ante"]
[Result "0-1"]
[WhiteElo "2247"]
[BlackElo "2596"]
[EventDate "2023.03.03"]
[PlyCount "158"]

1.e4 c5 2.Nf3 d6 3.c3 Nf6 4.h3 Nc6 5.Bd3 e5 6.O-O g5 7.Bc2 g4 8.Nh2 gxh3 
9.g3 h5 10.d3 Rg8 11.Kh1 Ng4 12.f3 Nxh2 13.Kxh2 Qf6 14.Qe1 Bd7 15.Na3 Bh6 
16.Bxh6 Qxh6 17.Nc4 O-O-O 18.Ne3 Rg7 19.Qf2 Ne7 20.Rad1 Rdg8 21.Rg1 h4 22.
gxh4 Qf4+ 23.Kh1 Rg3 24.Rxg3 Rxg3 25.Rf1 Qxh4 26.Kh2 Rg2+ 27.Nxg2 hxg2+ 
28.Kxg2 Bh3+ 29.Kh1 Qh5 30.Qh2 Ng6 31.Bd1 Nf4 32.Rg1 Kc7 33.Rg3 Qh4 34.Kg1
Kd7 35.Kh1 Ke7 36.d4 cxd4 37.cxd4 exd4 38.Rg4 Qe1+ 39.Qg1 Qd2 40.Rxf4 Qxf4
41.Qxd4 Qg3 42.Qd2 Bf1 43.a3 a5 44.a4 b6 45.Qc2 Kf6 46.Qc3+ Kg6 47.Qd2 f6 
48.Qh2 Qe1 49.Qg1+ Kh6 50.Bb3 Qh4+ 51.Qh2 Bh3 52.Bd5 Qe1+ 53.Qg1 Qxg1+ 54.
Kxg1 Kg5 55.Kh2 Bd7 56.Kg3 Bxa4 57.f4+ Kh5 58.Kf3 Bc2 59.Kg3 b5 60.Bf7+ 
Kh6 61.Kf3 a4 62.Ke3 b4 63.Kd4 Kg7 64.Bc4 Bb1 65.Kd5 a3 66.bxa3 bxa3 67.f5
Kh6 68.Kxd6 Bxe4 69.Ba2 Kg5 70.Kc5 Kxf5 71.Kb4 Ke5 72.Kxa3 f5 73.Bf7 f4 
74.Bh5 Kd4 75.Kb4 Ke3 76.Kc5 Bd3 77.Bg4 Be2 78.Bh3 f3 79.Kd5 Kf4 0-1

[Event "23rd EUR-ch"]
[Site "Vrnjacka Banja SRB"]
[Date "2023.03.04"]
[Round "2.109"]
[White "Lagarde, Maxime"]
[Black "Panic, Nenad"]
[Result "1-0"]
[WhiteElo "2581"]
[BlackElo "2295"]
[EventDate "2023.03.03"]
[PlyCount "27"]

1.e4 c5 2.Nf3 e6 3.d4 cxd4 4.Nxd4 a6 5.Bd3 Nc6 6.Nxc6 dxc6 7.Bf4 Ne7 8.Be3
e5 9.Nd2 Ng6 10.a3 Bd6 11.Qe2 b5 12.a4 Rb8 13.O-O O-O 14.c4 1-0

[Event "23rd EUR-ch"]
[Site "Vrnjacka Banja SRB"]
[Date "2023.03.04"]
[Round "2.110"]
[White "Grigoriants, Sergey"]
[Black "Rahmanidis, Petros"]
[Result "1-0"]
[WhiteElo "2572"]
[BlackElo "2278"]
[EventDate "2023.03.03"]
[PlyCount "48"]

1.e4 e5 2.Nf3 Nc6 3.Bb5 Nf6 4.d3 Bc5 5.Bxc6 dxc6 6.Nbd2 Be6 7.O-O Nd7 8.
Nb3 Bb6 9.Ng5 Bxb3 10.axb3 Qe7 11.Kh1 f6 12.Nf3 Nf8 13.Nh4 Ne6 14.f4 exf4 
15.Nf5 Qd7 16.Bxf4 g6 17.Nh6 O-O-O 18.Bd2 Rhf8 19.Ng4 f5 20.Ne5 Qg7 21.Bc3
Bd4 22.exf5 gxf5 23.Nf3 Bxc3 24.bxc3 Qxc3 1-0

[Event "23rd EUR-ch"]
[Site "Vrnjacka Banja SRB"]
[Date "2023.03.04"]
[Round "2.111"]
[White "Van Foreest, Lucas"]
[Black "Paszewski, Mateusz"]
[Result "1/2-1/2"]
[WhiteElo "2570"]
[BlackElo "2270"]
[EventDate "2023.03.03"]
[PlyCount "63"]

1.d4 Nf6 2.c4 e6 3.Nc3 Bb4 4.e3 O-O 5.Bd2 d5 6.a3 Be7 7.Nf3 b6 8.cxd5 exd5
9.Bd3 c5 10.O-O Bb7 11.Rc1 Bd6 12.Qe2 Nbd7 13.dxc5 bxc5 14.b4 a6 15.Na4 c4
16.Bc2 Re8 17.Rfd1 Qe7 18.h3 Rad8 19.Bc3 Ne4 20.Bd4 Bb8 21.Rb1 f5 22.Nc5 
Ndxc5 23.bxc5 Qc7 24.Ba4 Bc6 25.Bxc6 Qxc6 26.Rb6 Qa4 27.Rb4 Qd7 28.Rdb1 
Bc7 29.Rb7 Rb8 30.Qb2 c3 31.Qc2 Rxb7 32.Rxb7 1/2-1/2

[Event "23rd EUR-ch"]
[Site "Vrnjacka Banja SRB"]
[Date "2023.03.04"]
[Round "2.112"]
[White "Mchedlishvili, Mikheil"]
[Black "Zverev, Lev"]
[Result "1/2-1/2"]
[WhiteElo "2569"]
[BlackElo "2267"]
[EventDate "2023.03.03"]
[PlyCount "20"]

1.d4 d5 2.Nf3 Nf6 3.c3 e6 4.Bf4 Bd6 5.e3 Bxf4 6.exf4 b6 7.Nbd2 O-O 8.h4 
Qd6 9.Ne5 c5 10.Ndf3 cxd4 1/2-1/2

[Event "23rd EUR-ch"]
[Site "Vrnjacka Banja SRB"]
[Date "2023.03.04"]
[Round "2.113"]
[White "Makarian, Rudik"]
[Black "Ozsakallioglu, Okan"]
[Result "1-0"]
[WhiteElo "2557"]
[BlackElo "2264"]
[EventDate "2023.03.03"]
[PlyCount "75"]

1.e4 e5 2.Nc3 Nf6 3.Bc4 Bb4 4.Nge2 O-O 5.d3 c6 6.a3 Bxc3+ 7.Nxc3 d5 8.Ba2 
dxe4 9.Nxe4 Nxe4 10.dxe4 Qe7 11.O-O Be6 12.Bxe6 Qxe6 13.Be3 Na6 14.Qe2 Nc7
15.Rfd1 b6 16.Qd3 h6 17.a4 Rab8 18.Qd7 Rbc8 19.a5 Qc4 20.Qd3 Qxd3 21.Rxd3 
c5 22.Kf1 Rfd8 23.Ke2 Ne6 24.axb6 axb6 25.Rb3 Nd4+ 26.Bxd4 Rxd4 27.Ke3 Rc6
28.Ra6 Rdd6 29.Ra8+ Kh7 30.Rd3 Rd4 31.Re8 f6 32.Rb8 Kg6 33.Rb7 h5 34.Rc3 
f5 35.exf5+ Kxf5 36.Rxg7 e4 37.Rf7+ Kg6 38.Ra7 1-0

[Event "23rd EUR-ch"]
[Site "Vrnjacka Banja SRB"]
[Date "2023.03.04"]
[Round "2.114"]
[White "Sychev, Klementy"]
[Black "Sredojevic, Ivan"]
[Result "1-0"]
[WhiteElo "2549"]
[BlackElo "2255"]
[EventDate "2023.03.03"]
[PlyCount "71"]

1.e4 e5 2.Nf3 Nf6 3.d4 Nxe4 4.Bd3 d5 5.Nxe5 Be7 6.O-O O-O 7.c4 c6 8.Re1 
Nf6 9.Nc3 Be6 10.cxd5 cxd5 11.Qb3 Qb6 12.Qxb6 axb6 13.Nb5 Na6 14.a3 Rfc8 
15.Bg5 Nc7 16.Nc3 Nce8 17.f4 Nd6 18.g4 h6 19.Bxf6 gxf6 20.Ng6 Bd8 21.f5 
Bd7 22.Nf4 Nc4 23.Bxc4 dxc4 24.Nh5 b5 25.Ne4 Bc6 26.d5 Bb6+ 27.Kf1 Be8 28.
Nexf6+ Kf8 29.Rad1 b4 30.Rxe8+ Rxe8 31.Nd7+ Ke7 32.Nxb6 bxa3 33.bxa3 Rxa3 
34.Nxc4 Rc3 35.d6+ Kd8 36.Na5 1-0

[Event "23rd EUR-ch"]
[Site "Vrnjacka Banja SRB"]
[Date "2023.03.04"]
[Round "2.115"]
[White "Kisic, Bozidar"]
[Black "Lobanov, Sergei"]
[Result "0-1"]
[WhiteElo "2283"]
[BlackElo "2545"]
[EventDate "2023.03.03"]
[PlyCount "58"]

1.d4 d5 2.Bf4 Nf6 3.Nc3 c5 4.e3 cxd4 5.exd4 Bg4 6.f3 Bd7 7.Qd2 Nc6 8.g4 e6
9.Nb5 Rc8 10.c3 Qb6 11.b4 Nd8 12.a4 a6 13.a5 Qc6 14.c4 axb5 15.cxb5 Qc3 
16.Qxc3 Rxc3 17.Rb1 Be7 18.Kd2 Ra3 19.Kc2 O-O 20.Bc1 Ra4 21.Bd2 Ra2+ 22.
Kc3 Ne8 23.Rd1 Nd6 24.Kb3 Rxd2 25.Rxd2 Nxb5 26.f4 Bd6 27.Nh3 Nc7 28.Be2 
Nc6 29.Rc1 Rd8 0-1

[Event "23rd EUR-ch"]
[Site "Vrnjacka Banja SRB"]
[Date "2023.03.04"]
[Round "2.116"]
[White "Tifferet, Shaked"]
[Black "Muradli, Mahammad"]
[Result "0-1"]
[WhiteElo "2219"]
[BlackElo "2539"]
[EventDate "2023.03.03"]
[PlyCount "50"]

1.e4 c5 2.Nf3 d6 3.d4 cxd4 4.Nxd4 Nf6 5.Nc3 a6 6.Be2 e5 7.Nb3 Be7 8.Be3 
Be6 9.Nd5 Nbd7 10.Qd3 Bxd5 11.exd5 Rc8 12.c4 a5 13.O-O O-O 14.Rae1 Ne8 15.
Qd2 b6 16.Kh1 g6 17.f4 a4 18.Na1 Ng7 19.Bd3 Bf6 20.f5 e4 21.Bxe4 Rxc4 22.
Bd3 Rc7 23.Nc2 Bxb2 24.Nb4 a3 25.Bh6 Nh5 0-1

[Event "23rd EUR-ch"]
[Site "Vrnjacka Banja SRB"]
[Date "2023.03.04"]
[Round "2.117"]
[White "Sebenik, Matej"]
[Black "Gallana, Marco"]
[Result "1/2-1/2"]
[WhiteElo "2536"]
[BlackElo "2250"]
[EventDate "2023.03.03"]
[PlyCount "85"]

1.e4 c5 2.Nf3 Nc6 3.d4 cxd4 4.Nxd4 Nf6 5.Nc3 e5 6.Ndb5 d6 7.Bg5 a6 8.Na3 
b5 9.Nd5 Be7 10.Bxf6 Bxf6 11.c3 O-O 12.Nc2 Rb8 13.h4 g6 14.g3 Bg7 15.h5 
Ne7 16.Nce3 Nxd5 17.Nxd5 Bb7 18.Bh3 Bh6 19.Qd3 Kg7 20.Rd1 b4 21.hxg6 hxg6 
22.cxb4 Bxd5 23.Qxd5 Rxb4 24.b3 Qa8 25.Qxa8 Rxa8 26.O-O Rd8 27.Rfe1 a5 28.
Bf1 a4 29.Bc4 axb3 30.axb3 Bg5 31.Rd3 Rd7 32.Ra1 Bd8 33.Rad1 Bc7 34.g4 Kf6
35.Rf3+ Kg5 36.Kg2 f6 37.Rh1 Rb8 38.Rfh3 Bb6 39.Kf3 Ra8 40.Rh7 Rxh7 41.
Rxh7 Ra2 42.Rh2 Rd2 43.Kg3 1/2-1/2

[Event "23rd EUR-ch"]
[Site "Vrnjacka Banja SRB"]
[Date "2023.03.04"]
[Round "2.119"]
[White "Kulaots, Kaido"]
[Black "Eric, Jovana"]
[Result "1-0"]
[WhiteElo "2525"]
[BlackElo "2230"]
[EventDate "2023.03.03"]
[PlyCount "41"]

1.e4 c5 2.Nf3 d6 3.d4 cxd4 4.Nxd4 Nf6 5.Nc3 a6 6.Bg5 e6 7.f4 Be7 8.Qf3 Qc7
9.O-O-O Nbd7 10.g4 h6 11.Qh3 Nb6 12.Bh4 Bd7 13.Bd3 O-O-O 14.Qf3 Bc6 15.Bf2
Nfd7 16.h4 Nc5 17.Kb1 Nba4 18.Nxa4 Bxa4 19.Rc1 Kb8 20.g5 g6 21.Nb3 1-0

[Event "23rd EUR-ch"]
[Site "Vrnjacka Banja SRB"]
[Date "2023.03.04"]
[Round "2.121"]
[White "Rasulov, Vugar"]
[Black "Stankovic, Boris"]
[Result "1-0"]
[WhiteElo "2516"]
[BlackElo "2208"]
[EventDate "2023.03.03"]
[PlyCount "71"]

1.Nf3 Nf6 2.c4 e6 3.g3 d5 4.Bg2 c6 5.O-O Be7 6.b3 O-O 7.Bb2 b6 8.e3 Bb7 9.
Nc3 Na6 10.Qe2 Nc5 11.Rfd1 dxc4 12.bxc4 Nd3 13.Rab1 Rc8 14.Ne1 Nxb2 15.
Rxb2 Qc7 16.d4 Rfd8 17.Nd3 Bd6 18.Ne4 Nxe4 19.Bxe4 g6 20.Qc2 Bf8 21.c5 Ba6
22.Nb4 Bb7 23.Nd3 Ba6 24.cxb6 axb6 25.Rdb1 Bxd3 26.Qxd3 Rb8 27.Qc4 c5 28.
a4 Qd6 29.dxc5 bxc5 30.Rb5 Rxb5 31.Qxb5 Qe5 32.Bg2 Qc7 33.a5 c4 34.Qb6 Qc8
35.Bb7 Bc5 36.Qb5 1-0

[Event "23rd EUR-ch"]
[Site "Vrnjacka Banja SRB"]
[Date "2023.03.04"]
[Round "2.122"]
[White "Halkias, Stelios"]
[Black "Glienke, Manfred"]
[Result "1-0"]
[WhiteElo "2514"]
[BlackElo "2201"]
[EventDate "2023.03.03"]
[PlyCount "43"]

1.Nf3 d5 2.d4 Nf6 3.c4 e6 4.g3 Bb4+ 5.Nbd2 O-O 6.Bg2 dxc4 7.Qc2 b5 8.a4 
Nd5 9.axb5 c3 10.bxc3 Bxc3 11.Rb1 Ba5 12.O-O Nd7 13.Nc4 Bb6 14.Ng5 g6 15.
e4 Ne7 16.Ne5 Nxe5 17.dxe5 Bb7 18.Rd1 Qc8 19.Ba3 Re8 20.Qd2 h6 21.Nxf7 
Kxf7 22.Qxh6 1-0

[Event "23rd EUR-ch"]
[Site "Vrnjacka Banja SRB"]
[Date "2023.03.04"]
[Round "2.123"]
[White "Draskovic, Luka"]
[Black "Valiev, Shahin"]
[Result "1-0"]
[WhiteElo "2510"]
[BlackElo "2201"]
[EventDate "2023.03.03"]
[PlyCount "43"]

1.Nf3 d5 2.g3 Nf6 3.Bg2 Bg4 4.c4 c6 5.Ne5 Bh5 6.cxd5 cxd5 7.Qa4+ Nbd7 8.
Nc3 e6 9.g4 Bg6 10.h4 a6 11.Nxd7 Qxd7 12.Qxd7+ Nxd7 13.h5 Bc2 14.d3 Bb4 
15.Bd2 Ne5 16.Nxd5 Bxd2+ 17.Kxd2 exd5 18.Kxc2 O-O-O 19.g5 Rhe8 20.Kd2 Kb8 
21.Rac1 Re6 22.Rc5 1-0

[Event "23rd EUR-ch"]
[Site "Vrnjacka Banja SRB"]
[Date "2023.03.04"]
[Round "2.124"]
[White "Gadimbayli, Abdulla"]
[Black "Krstic, Milos"]
[Result "1-0"]
[WhiteElo "2507"]
[BlackElo "2198"]
[EventDate "2023.03.03"]
[PlyCount "50"]

1.e4 c6 2.Nc3 d5 3.Nf3 Bg4 4.h3 Bxf3 5.Qxf3 dxe4 6.Nxe4 e6 7.g3 Nf6 8.Bg2 
Nxe4 9.Qxe4 Qd5 10.O-O Qxe4 11.Bxe4 Bd6 12.d4 Nd7 13.c4 Nf6 14.Bf3 O-O-O 
15.Be3 Kb8 16.Rfd1 Rhe8 17.Rab1 e5 18.b4 e4 19.Be2 b6 20.a4 Bc7 21.b5 cxb5
22.Rxb5 h6 23.a5 Ka8 24.axb6 Bxb6 25.Rb2 Re7 1-0

[Event "23rd EUR-ch"]
[Site "Vrnjacka Banja SRB"]
[Date "2023.03.04"]
[Round "2.125"]
[White "Pogorelsky, Sergei"]
[Black "Petrov, Martin"]
[Result "1/2-1/2"]
[WhiteElo "2203"]
[BlackElo "2505"]
[EventDate "2023.03.03"]
[PlyCount "39"]

1.e4 c5 2.Nf3 d6 3.d4 cxd4 4.Nxd4 Nf6 5.f3 Nc6 6.c4 e6 7.Nc3 Be7 8.Be3 O-O
9.Qc2 d5 10.exd5 exd5 11.O-O-O Bc5 12.Qd2 Bxd4 13.Bxd4 dxc4 14.Bxc4 Nxd4 
15.Qxd4 Qc7 16.Bb3 Bd7 17.Qd6 Qa5 18.Rhe1 Rae8 19.h4 Bc6 20.Re7 1/2-1/2

[Event "23rd EUR-ch"]
[Site "Vrnjacka Banja SRB"]
[Date "2023.03.04"]
[Round "2.126"]
[White "Valsecchi, Alessio"]
[Black "Bashirov, Kemal"]
[Result "1-0"]
[WhiteElo "2505"]
[BlackElo "2188"]
[EventDate "2023.03.03"]
[PlyCount "87"]

1.d4 Nf6 2.Nf3 e6 3.Nbd2 d5 4.e3 Bd6 5.b3 O-O 6.Bb2 b6 7.Bd3 Bb7 8.O-O 
Nbd7 9.c4 Ne4 10.Rc1 a6 11.Qc2 f5 12.cxd5 exd5 13.Ne5 c5 14.Ndf3 Ndf6 15.
Qe2 Qe8 16.Nh4 g6 17.f3 Ng5 18.f4 Nge4 19.Nhf3 Qe7 20.Ba1 Rfc8 21.dxc5 
Bxc5 22.Nd4 b5 23.g4 fxg4 24.Bxe4 dxe4 25.Nxg4 Nxg4 26.Qxg4 Rf8 27.Qe2 
Rac8 28.Qd2 Rfd8 29.Kh1 Bxd4 30.Bxd4 Rxc1 31.Rxc1 Qd7 32.Qg2 Rc8 33.Rf1 
Qf5 34.a3 Bd5 35.Ba1 Kf8 36.Qd2 Qh3 37.Rf2 Be6 38.f5 gxf5 39.Bb2 Qh4 40.
Qd6+ Qe7 41.Qe5 Ke8 42.Rg2 Rd8 43.Bd4 Rc8 44.Rg7 1-0

[Event "23rd EUR-ch"]
[Site "Vrnjacka Banja SRB"]
[Date "2023.03.04"]
[Round "2.127"]
[White "Gramb, Marius"]
[Black "Gines Esteo, Pedro Antonio"]
[Result "0-1"]
[WhiteElo "2159"]
[BlackElo "2500"]
[EventDate "2023.03.03"]
[PlyCount "82"]

1.e4 c6 2.d4 d5 3.e5 Bf5 4.Nd2 e6 5.Nb3 Nd7 6.Nf3 Qc7 7.Be2 c5 8.c3 Bg6 9.
dxc5 Bxc5 10.Nxc5 Qxc5 11.Be3 Qc7 12.Bb5 Ne7 13.Bxd7+ Qxd7 14.Nd4 O-O 15.
O-O Qc7 16.f4 Be4 17.Qe2 a6 18.a4 Rac8 19.a5 Qd7 20.Qg4 Nf5 21.Nxf5 exf5 
22.Qe2 Rc4 23.Rfd1 Rfc8 24.Bd4 h6 25.Qe3 Kh7 26.b4 R4c6 27.Rd2 Rg8 28.Bc5 
Qc8 29.Kf1 g5 30.Re1 gxf4 31.Qxf4 Rg4 32.Qe3 Rcg6 33.Ree2 f4 34.Qh3 f3 35.
Rxe4 fxg2+ 36.Rxg2 Qf5+ 37.Bf2 Qxe4 38.Rxg4 Rxg4 39.Be3 Qf5+ 40.Ke2 h5 41.
Qf3 Qxf3+ 0-1

[Event "23rd EUR-ch"]
[Site "Vrnjacka Banja SRB"]
[Date "2023.03.04"]
[Round "2.128"]
[White "Onslow, Alfie"]
[Black "Kovacevic, Aleksandar"]
[Result "0-1"]
[WhiteElo "2174"]
[BlackElo "2489"]
[EventDate "2023.03.03"]
[PlyCount "74"]

1.e4 c5 2.Nf3 d6 3.d4 cxd4 4.Nxd4 Nf6 5.Nc3 Bd7 6.Bg5 e6 7.Qd3 a6 8.O-O-O 
h6 9.Bh4 Nc6 10.Nxc6 Bxc6 11.f3 Qa5 12.Kb1 Be7 13.Be1 Qc7 14.Qe3 b5 15.g4 
d5 16.Bg3 Qb7 17.exd5 Nxd5 18.Nxd5 Bxd5 19.Be2 O-O 20.Rhf1 Rac8 21.Bd3 Bc5
22.Qe2 Qb6 23.Be1 b4 24.f4 Bd4 25.g5 Bc3 26.Bd2 Qa5 27.b3 Rc5 28.a4 bxa3 
29.Ka2 Rb8 30.Bxc3 Qxc3 31.Rb1 a5 32.Kxa3 a4 33.Qe5 Qb4+ 34.Kb2 Bxb3 35.
Qe4 Bxc2+ 36.Ka2 Bb3+ 37.Kb2 a3+ 0-1

[Event "23rd EUR-ch"]
[Site "Vrnjacka Banja SRB"]
[Date "2023.03.04"]
[Round "2.129"]
[White "Samadov, Read"]
[Black "Lorenz, Roger"]
[Result "1/2-1/2"]
[WhiteElo "2471"]
[BlackElo "2180"]
[EventDate "2023.03.03"]
[PlyCount "34"]

1.d4 Nf6 2.c4 e6 3.Nf3 d5 4.g3 dxc4 5.Bg2 c5 6.O-O Nc6 7.dxc5 Qxd1 8.Rxd1 
Bxc5 9.Nbd2 c3 10.bxc3 O-O 11.Nb3 Be7 12.Nfd4 Bd7 13.Nb5 Ne5 14.Nd6 Bxd6 
15.Rxd6 Bc6 16.Bxc6 Nxc6 17.c4 Rfd8 1/2-1/2

[Event "23rd EUR-ch"]
[Site "Vrnjacka Banja SRB"]
[Date "2023.03.04"]
[Round "2.130"]
[White "Krunic, Dusan"]
[Black "Saraci, Nderim"]
[Result "0-1"]
[WhiteElo "2116"]
[BlackElo "2469"]
[EventDate "2023.03.03"]
[PlyCount "66"]

1.Nf3 Nf6 2.g3 b5 3.Bg2 Bb7 4.O-O e6 5.d4 Be7 6.Qd3 a6 7.Bg5 c5 8.dxc5 
Bxc5 9.a4 b4 10.Nbd2 d5 11.Nb3 Be7 12.Nfd2 Nbd7 13.e4 O-O 14.exd5 Bxd5 15.
c4 bxc3 16.bxc3 Bxg2 17.Kxg2 Qc7 18.Bf4 Qc6+ 19.Qf3 Nd5 20.c4 Nxf4+ 21.
gxf4 Qc7 22.Rfd1 Rab8 23.Rac1 Bd6 24.Ne4 Bxf4 25.Rxd7 Qxd7 26.Nbc5 Qc7 27.
Nxa6 Qa7 28.Nxb8 Bxc1 29.Nc6 Qc7 30.c5 Ba3 31.Qxa3 Qxc6 32.f3 Ra8 33.a5 
Qb5 0-1

[Event "23rd EUR-ch"]
[Site "Vrnjacka Banja SRB"]
[Date "2023.03.04"]
[Round "2.131"]
[White "Kostov, Deyan Samuil"]
[Black "Pajeken, Jakob Leon"]
[Result "1/2-1/2"]
[WhiteElo "2120"]
[BlackElo "2465"]
[EventDate "2023.03.03"]
[PlyCount "122"]

1.d4 Nf6 2.c4 e6 3.Nc3 Bb4 4.e3 O-O 5.Bd3 d5 6.cxd5 exd5 7.Ne2 Bd6 8.O-O 
Re8 9.f3 c5 10.dxc5 Bxc5 11.Kh1 Bxe3 12.Bxe3 Rxe3 13.Be4 Qe8 14.Bxd5 Nc6 
15.Ng3 Be6 16.Nge4 Nxd5 17.Nxd5 Bxd5 18.Qxd5 Qd8 19.Qh5 h6 20.Qb5 Qb6 21.
Qxb6 axb6 22.Kg1 Rd3 23.Nc3 Rd2 24.Rf2 Rad8 25.Rxd2 Rxd2 26.b3 f5 27.Rd1 
Rc2 28.Nd5 Rxa2 29.Nxb6 Rb2 30.Rd3 Na5 31.Nc4 Rb1+ 32.Kf2 Nxb3 33.Nd2 Nxd2
34.Rxd2 Kf7 35.Rd7+ Kf6 36.f4 Rb2+ 37.Kf3 Rb3+ 38.Ke2 Rb6 39.g3 g6 40.Rh7 
h5 41.Kf3 Ke6 42.Rg7 Kd5 43.h3 Rb3+ 44.Kf2 h4 45.gxh4 Ke4 46.Rxg6 Kxf4 47.
Kg2 Rb2+ 48.Kg1 Kf3 49.h5 Rb4 50.Kh2 Rb2+ 51.Kg1 Rb4 52.h6 Rh4 53.Kh2 b5 
54.Rb6 b4 55.h7 Rxh7 56.Rxb4 Re7 57.Rb3+ Kf4 58.Rb4+ Re4 59.Rxe4+ fxe4 60.
Kg2 Ke3 61.h4 Kf4 1/2-1/2

[Event "23rd EUR-ch"]
[Site "Vrnjacka Banja SRB"]
[Date "2023.03.04"]
[Round "2.132"]
[White "Farkas, Sandor"]
[Black "Isik, Alparslan"]
[Result "1/2-1/2"]
[WhiteElo "2064"]
[BlackElo "2462"]
[EventDate "2023.03.03"]
[PlyCount "60"]

1.e4 c5 2.Nf3 d6 3.d4 cxd4 4.Nxd4 Nf6 5.Nc3 a6 6.Bg5 e6 7.f4 Be7 8.Qf3 Qc7
9.O-O-O Nbd7 10.Bd3 b5 11.Rhe1 Bb7 12.Qg3 b4 13.Nd5 exd5 14.exd5 Kd8 15.
Nc6+ Bxc6 16.dxc6 Qxc6 17.Bxf6 Nxf6 18.Qxg7 Re8 19.Qxf7 Ra7 20.Rxe7 Raxe7 
21.Qxf6 Kc7 22.Qd4 Qb6 23.Qxb6+ Kxb6 24.g4 Rf7 25.Bf5 Kc5 26.Kd2 Rfe7 27.
Bd3 Re3 28.Rf1 Rh3 29.Rf2 Rf8 30.g5 Rh4 1/2-1/2

[Event "23rd EUR-ch"]
[Site "Vrnjacka Banja SRB"]
[Date "2023.03.04"]
[Round "2.133"]
[White "Hamiti, Gani"]
[Black "Shubin, Kirill"]
[Result "0-1"]
[WhiteElo "2112"]
[BlackElo "2449"]
[EventDate "2023.03.03"]
[PlyCount "59"]

1.e4 c5 2.Nc3 Nc6 3.f4 g6 4.Nf3 Bg7 5.Bb5 Nd4 6.O-O Nh6 7.d3 O-O 8.Bc4 e6 
9.Bb3 d5 10.Nxd4 cxd4 11.Ne2 a5 12.a4 dxe4 13.dxe4 b6 14.Bc4 Bb7 15.Bd3 f5
16.e5 Qd5 17.Rf3 g5 18.Rg3 Kh8 19.fxg5 Ng4 20.Nf4 Qxe5 21.Nh5 Ne3 22.Bxe3 
dxe3 23.Nxg7 Qxg7 24.Qe1 e5 25.Rxe3 e4 26.Bf1 f4 27.Rh3 Qxg5 28.Qc3+ Qg7 
29.Qxg7+ Kxg7 30.Rc3 0-1

[Event "23rd EUR-ch"]
[Site "Vrnjacka Banja SRB"]
[Date "2023.03.04"]
[Round "2.134"]
[White "Biyiksiz, Ali Batuhan"]
[Black "Spyropoulos, Nikolaos"]
[Result "0-1"]
[WhiteElo "1994"]
[BlackElo "2442"]
[EventDate "2023.03.03"]
[PlyCount "68"]

1.d4 Nf6 2.c4 e6 3.Nf3 Bb4+ 4.Nbd2 b6 5.a3 Bxd2+ 6.Bxd2 Bb7 7.g3 O-O 8.Bg2
d6 9.O-O Nbd7 10.b3 h6 11.Qc2 Be4 12.Qb2 Qe7 13.Bc3 d5 14.Rac1 dxc4 15.
bxc4 c5 16.Rfd1 Rfd8 17.Ne5 Bxg2 18.Nxd7 Rxd7 19.Kxg2 Rad8 20.Rd3 Ne4 21.
e3 Qg5 22.Rcd1 Qf5 23.f3 Ng5 24.Qe2 e5 25.g4 Qg6 26.h4 Nxf3 27.Qxf3 e4 28.
Qf4 exd3 29.h5 Qg5 30.Qg3 cxd4 31.Bxd4 Rxd4 32.exd4 Rxd4 33.Kh3 f5 34.Rxd3
Qxg4+ 0-1

[Event "23rd EUR-ch"]
[Site "Vrnjacka Banja SRB"]
[Date "2023.03.04"]
[Round "2.135"]
[White "Wachinger, Nikolas"]
[Black "Efremov, Vladislav"]
[Result "1/2-1/2"]
[WhiteElo "2440"]
[BlackElo "2120"]
[EventDate "2023.03.03"]
[PlyCount "101"]

1.e4 c5 2.Nf3 Nc6 3.Bb5 e6 4.O-O Nge7 5.Re1 a6 6.Bf1 d5 7.exd5 Nxd5 8.d4 
Nf6 9.Be3 Be7 10.c4 O-O 11.Nc3 cxd4 12.Nxd4 Ne5 13.Bf4 Ng6 14.Bg3 h5 15.h3
h4 16.Bh2 Bd6 17.Bxd6 Qxd6 18.Nf3 Qc7 19.Bd3 Rd8 20.Ne2 b6 21.Qb3 Ne5 22.
Nxe5 Qxe5 23.Nc3 Qc7 24.Ne4 Nh5 25.Bf1 Bb7 26.Qe3 Qf4 27.c5 Bd5 28.cxb6 
Qxe3 29.Rxe3 Rdb8 30.Nc3 Bc6 31.Rd1 Rxb6 32.Rd6 Rab8 33.b3 Nf4 34.Rd4 g5 
35.Re5 f6 36.Ra5 Kf7 37.Na4 Bxa4 38.Raxa4 Rc8 39.Bc4 Rcc6 40.Rd7+ Kg6 41.
g3 hxg3 42.fxg3 Nxh3+ 43.Kg2 g4 44.Bd3+ f5 45.Rxg4+ Ng5 46.Rc4 Rd6 47.Rd4 
Rxd7 48.Rxd7 Kf6 49.Kf2 Rc6 50.Ra7 Ne4+ 51.Bxe4 1/2-1/2

[Event "23rd EUR-ch"]
[Site "Vrnjacka Banja SRB"]
[Date "2023.03.04"]
[Round "2.136"]
[White "Celik, Hasan Huseyin"]
[Black "Lazic, Emanuel"]
[Result "1-0"]
[WhiteElo "2420"]
[BlackElo "2041"]
[EventDate "2023.03.03"]
[PlyCount "67"]

1.e4 c5 2.Nf3 d6 3.d4 cxd4 4.Nxd4 Nf6 5.Nc3 Nc6 6.Bg5 e6 7.Qd2 a6 8.Nxc6 
bxc6 9.O-O-O Be7 10.Bxf6 gxf6 11.Bc4 Qa5 12.Rhe1 Qb4 13.Bb3 Bd7 14.f4 h5 
15.a3 Qa5 16.Kb1 f5 17.exf5 Qxf5 18.Qe3 d5 19.g3 Rb8 20.Ka2 Rb7 21.Na4 O-O
22.h3 Bd6 23.Rf1 c5 24.g4 hxg4 25.hxg4 Qf6 26.Nxc5 Bxc5 27.Qxc5 Bb5 28.g5 
Qg7 29.Rh1 Bc4 30.Rh3 Rb5 31.Qe7 Rfb8 32.Rdh1 Bxb3+ 33.cxb3 R5b7 34.Qf6 
1-0

[Event "23rd EUR-ch"]
[Site "Vrnjacka Banja SRB"]
[Date "2023.03.04"]
[Round "2.137"]
[White "Levin, Guy"]
[Black "Andreev, Stanislav"]
[Result "1-0"]
[WhiteElo "2419"]
[BlackElo "2016"]
[EventDate "2023.03.03"]
[PlyCount "105"]

1.Nf3 d5 2.g3 Nf6 3.Bg2 c6 4.b3 g6 5.Bb2 Bg7 6.O-O O-O 7.d3 Bg4 8.Nbd2 
Nbd7 9.e4 Qa5 10.e5 Ne8 11.h3 Bxf3 12.Nxf3 Nc7 13.Qe2 Ne6 14.h4 Rfe8 15.
Bh3 Ndf8 16.h5 f5 17.hxg6 hxg6 18.Nh4 Ng5 19.Bg2 e6 20.f4 Nf7 21.g4 Qd8 
22.g5 Qb6+ 23.d4 Nd8 24.c4 Kf7 25.Bf3 Re7 26.Kg2 Rd7 27.Kh2 dxc4 28.bxc4 
Rxd4 29.Bxd4 Qxd4 30.Kg3 Ke7 31.Rad1 Qc5 32.Qb2 Rb8 33.Qd4 Qxd4 34.Rxd4 
Nf7 35.Rd2 Rd8 36.Rfd1 Rxd2 37.Rxd2 Nd8 38.a4 a5 39.Kf2 Nf7 40.Ke2 Nd8 41.
Kd1 Nf7 42.Kc2 Nd8 43.Be2 Nf7 44.Kc3 Nd8 45.c5 Nf7 46.Kc4 Nd8 47.Rd4 Nf7 
48.Nf3 Nd7 49.Rd1 Nd8 50.Nd4 b6 51.Bf3 Nxc5 52.Nxc6+ Nxc6 53.Bxc6 1-0

[Event "23rd EUR-ch"]
[Site "Vrnjacka Banja SRB"]
[Date "2023.03.04"]
[Round "2.138"]
[White "Mladenovic, Milan"]
[Black "Kalezic, Blazo"]
[Result "0-1"]
[WhiteElo "1787"]
[BlackElo "2415"]
[EventDate "2023.03.03"]
[PlyCount "52"]

1.e4 e6 2.d4 d5 3.e5 c5 4.c3 Nc6 5.Nf3 Nge7 6.Na3 Nf5 7.Nc2 cxd4 8.cxd4 
Be7 9.a3 h5 10.b4 Bd7 11.Bb2 a5 12.b5 Na7 13.a4 Nc8 14.Ba3 Nb6 15.Bxe7 
Qxe7 16.Bd3 Rc8 17.O-O g5 18.Qd2 g4 19.Ng5 Nc4 20.Bxc4 Rxc4 21.f4 gxf3 22.
Nxf3 Rg8 23.Rfc1 Nh4 24.Nxh4 Qxh4 25.Ra3 b6 26.Rh3 Qxh3 0-1

[Event "23rd EUR-ch"]
[Site "Vrnjacka Banja SRB"]
[Date "2023.03.04"]
[Round "2.139"]
[White "Oliinyk, Serafim"]
[Black "Megalios, Konstantinos"]
[Result "0-1"]
[WhiteElo "2042"]
[BlackElo "2382"]
[EventDate "2023.03.03"]
[PlyCount "64"]

1.e4 c5 2.Nf3 Nc6 3.d4 cxd4 4.Nxd4 e5 5.Nb5 d6 6.c4 Be6 7.Bd3 g6 8.O-O a6 
9.N5c3 Bg7 10.Be3 Nf6 11.Nd5 Bxd5 12.cxd5 Nd4 13.Nd2 O-O 14.Nb3 Nd7 15.Rc1
Qb6 16.Be2 a5 17.Rc4 Rfc8 18.Rxc8+ Rxc8 19.Bg4 Rc7 20.Bxd7 Rxd7 21.Qg4 Qb5
22.Bxd4 exd4 23.Nxa5 h5 24.Qh3 Re7 25.Nb3 Rxe4 26.Rd1 Qe2 27.Qc8+ Kh7 28.
Rf1 d3 29.Qc1 Bxb2 30.Qd2 Ba3 31.Qa5 Bb4 32.Qc7 Qxf1+ 0-1

[Event "23rd EUR-ch"]
[Site "Vrnjacka Banja SRB"]
[Date "2023.03.04"]
[Round "2.140"]
[White "Leisch, Lukas"]
[Black "Sertbay, Huseyin"]
[Result "1-0"]
[WhiteElo "2378"]
[BlackElo "2016"]
[EventDate "2023.03.03"]
[PlyCount "171"]

1.d4 Nf6 2.c4 e6 3.g3 d5 4.Bg2 Bb4+ 5.Nd2 O-O 6.Nf3 b6 7.O-O Bb7 8.a3 Be7 
9.cxd5 exd5 10.b4 c6 11.Bb2 Na6 12.Qb3 Nc7 13.Rac1 a5 14.bxa5 Rxa5 15.a4 
b5 16.axb5 cxb5 17.Ne5 b4 18.Nd3 Ne6 19.Ra1 Ne4 20.Qc2 Rxa1 21.Rxa1 Qb6 
22.e3 Rc8 23.Qd1 Nd6 24.Rb1 Nc4 25.Bc1 Nc7 26.Qf3 Rb8 27.Nb3 Qg6 28.Bf1 
Bc8 29.Ra1 Bg4 30.Qg2 Bd1 31.Nbc5 Bxc5 32.dxc5 Bc2 33.Nxb4 Rxb4 34.Qxd5 h5
35.Qd8+ Kh7 36.Qxc7 Qf6 37.Qa7 Ne5 38.f4 Nf3+ 39.Kf2 Be4 40.Be2 Nxh2 41.
Ra4 Rb7 42.Qa6 Ng4+ 43.Bxg4 Qxa6 44.Rxa6 hxg4 45.Ra4 f5 46.Rc4 Kg6 47.Ke1 
Kf7 48.Kd2 Ke6 49.Rd4 Rd7 50.Kc3 Rxd4 51.exd4 Kd5 52.Bb2 g6 53.Kb4 Kc6 54.
Bc1 Bd5 55.Bd2 Be4 56.Kc4 Bd5+ 57.Kb4 Be4 58.Ka4 Bd3 59.Ba5 Bb5+ 60.Kb4 
Bd3 61.Bd8 Be2 62.Bf6 Bd3 63.Bh8 Be2 64.Bg7 Bd3 65.Bf6 Be2 66.Be5 Bd3 67.
Ka5 Bc4 68.Bh8 Be2 69.Bg7 Bc4 70.Bf6 Bd3 71.Be5 Bc4 72.Bd6 Bd3 73.Be7 Bc4 
74.Bf8 Bd3 75.Be7 Bc4 76.Bf8 Bd3 77.d5+ Kxd5 78.Kb6 Ke4 79.c6 Bc4 80.c7 
Be6 81.Be7 Bc8 82.Ka7 Kd5 83.Kb8 Bd7 84.c8=Q Bxc8 85.Kxc8 Ke6 86.Bg5 1-0